Statistiche per Ogni paese il cui nome finisce in IA

Clicka qui per fare il quiz!

Statistiche generali

  • Questo quiz è stato fatto 7.196 volte
    (4.786 dall'ultimo reset)
  • Il punteggio medio è 31 su 52

Statistiche sulle risposte

Country% Corretto
Italia
85%
Francia
82%
Russia
80%
Germania
75%
Finlandia
74%
Romania
74%
Australia
73%
Norvegia
73%
Algeria
71%
Bulgaria
71%
Svezia
71%
Albania
70%
Estonia
69%
Lettonia
69%
Lituania
69%
Slovenia
69%
Croazia
67%
India
67%
Libia
66%
Polonia
66%
Slovacchia
66%
Ungheria
66%
Tunisia
64%
Grecia
63%
Turchia
63%
Austria
62%
Serbia
62%
Colombia
61%
Bielorussia
59%
Indonesia
59%
Moldavia
59%
Cambogia
57%
Namibia
55%
Somalia
54%
Malesia
53%
Mongolia
53%
Bolivia
52%
Thailandia
52%
Zambia
52%
Etiopia
51%
Siria
51%
Armenia
48%
Nigeria
48%
Georgia
45%
Tanzania
45%
Gambia
44%
Giordania
43%
Mauritania
40%
Liberia
37%
Kenia
30%
Stati Federati di Micronesia
30%
Santa Lucia
20%

Distribuzione punteggi

Percentile per numero di risposta

Percentuale di utenti per punteggio

I tuoi punteggi nel tempo

Non hai fatto questo quiz dall'ultimo reset